000 00782nam a2200217 a 4500
001 000042242
005 20201002040026.0
008 131120s1989 sp a 000 0 spa d
020 _a8478800026
040 _aDO-SdBNP
_bspa
_cBNPHU
082 _axxxx
_bxxx
100 1 _aPottocher, Beatriz
_d1961-
_969261
245 1 0 _aArtefactos Eróticos :
_bguía de objetos y estimulantes del deseo /
_cBeatriz Pottocher.
260 _aEspaña, :
_bTemas de hoy,
_c1989.
300 _a253 p. :
_bil. ;
_c21 cm.
490 1 _aBiblioteca erótica
_v6
504 _aBibliografía p: 239-253
500 _aIncluye datos biografícos de la autora en la solapa de la portada
500 _aLa lectura de este libro no está recomendada a menores de 16 años.
830 0 _aBiblioteca erótica
_921727
999 _c41731
_d41731